| 000 | 01019cam a2200289Ia 4500 | ||
|---|---|---|---|
| 001 | 50618 | ||
| 005 | 20230411090004.0 | ||
| 008 | 070123s2006 mx 000 0 spa d | ||
| 035 | _a(OCoLC)ocm79650640 | ||
| 040 |
_aPLF _cPLF _dWTX |
||
| 020 |
_a9681342666 : _c$33.93 |
||
| 020 | _a9789681342661 | ||
| 035 | _a(OCoLC)79650640 | ||
| 092 | 0 |
_a972.07 _bFUENTES |
|
| 049 | _aGRAL | ||
| 100 | 1 | _aFuentes Aguirre, Armando. | |
| 245 | 1 | 3 |
_aLa otra historia de México : _bJuárez y Maximiliano, la roca y el ensueño / _cArmando Fuentes Aguirre (Catón). |
| 260 |
_aMéxico, D.F. : _bDiana, _c2006. |
||
| 300 |
_axv, 714 p. ; _c23 cm. |
||
| 600 | 1 | 7 |
_aMaximiliano, _cEmperador de México,Dd1832-1867. _2bidex |
| 651 | 7 |
_aMéxico _xHistoria _yIntervención francesa, 1861-1867 _vHumorismo. _2bidex |
|
| 600 | 1 | 0 |
_aJuárez, Benito, _d1806-1872. |
| 600 | 1 | 0 |
_aMaximilian, _cEmperor of México, _d1832-1867. |
| 651 | 0 |
_aMéxico _xHistory _yEuropean intervention, 1861-1867 _vHumor. |
|
| 942 |
_2lcc _cbk |
||
| 994 |
_aC0 _bDRFGD |
||
| 999 |
_c110485 _d110485 |
||